000 00843nam a2200253 a 4500
003 UkOxU
005 20230725151727.0
008 230725s2011 enk 001 0 eng d
020 _a9781842196717
100 1 _aCherry, Andrew.
245 1 2 _aA valuer's guide to the RICS red book 2010 /
_c[Andrew Cherry].
250 _a5th ed.
260 _aCoventry :
_bRICS Books,
_c2011.
300 _axii, 166 p. ;
_c21 cm.
490 _aRICS Red Book
500 _aAuthor from cover.
500 _aIncludes index.
500 _aPrevious edition: 2010.
610 2 0 _aRoyal Institution of Chartered Surveyors.
650 0 _aReal property
_xValuation
_zGreat Britain
_vHandbooks, manuals, etc.
650 0 _aCorporations
_xValuation
_zGreat Britain
_vHandbooks, manuals, etc.
710 2 _aRoyal Institution of Chartered Surveyors.
942 _2ddc
999 _c121632
_d121632